• 首页
  • 本馆介绍
  • 公告通知
  • 最新文献
  • 馆藏检索
  • 电子资源
  • 读者导购
  • 参考咨询
  • 我的图书馆
  • 登录
  • 详细信息显示
  • 放入我的书架
  • 预约/预借图书
  • 作者相关作品
  • 分类相关作品
  • 丛书相关作品
  • 出版社相关作品

书目信息

  • 表格格式
  • 工作单格式
  • 卡片格式
题名:
大气臭氧层和臭氧洞
    
 
作者: 王庚辰 编著
分册:  
出版信息: 北京   气象出版社  2012.8
页数: 187页
开本: 21cm
丛书名: 全球变化热门话题丛书
单 册:
中图分类: P421.33-49
科图分类:
主题词: 臭氧层--基本知识 , 臭氧层
电子资源:
ISBN: 978-7-5029-3555-9
000 00907oam2 2200265 45
001 1338815328
005 20130514151037.06
010    @a978-7-5029-3555-9@dCNY18.00
100    @a20130108d2003 em y0chiy0110 ea
101 0  @achi
102    @aCN@b110000
105    @ay z 000yy
106    @ar
200 1  @a大气臭氧层和臭氧洞@ADa Qi Chou Yang Ceng He Chou Yang Dong@f王庚辰编著@FWang Geng Chen Bian Zhu
210    @a北京@c气象出版社@d2012.8
215    @a187页@d21cm
225 2  @a全球变化热门话题丛书
330    @a本书分别讲述了大气臭氧层、低层大气中的臭氧、大气臭氧层的探测、大气臭氧层的耗损及其后果、大气中的臭氧洞、保护大气臭氧层等六章内容。
461  0 @12001 @a全球变化热门话题丛书
606 0  @a臭氧层@x基本知识
606 0  @a臭氧层
690    @aP421.33-49@v5
701  0 @a王庚辰@AWang Geng Chen@c(大气科学)@4编著
801    @aCN@bTANGWEI@c20130108
905    @b0819813-17@dP421.33-49@e80@f5
    
    大气臭氧层和臭氧洞/王庚辰编著.-北京:气象出版社,2012.8
    187页;21cm.-(全球变化热门话题丛书)
    
    
    ISBN 978-7-5029-3555-9:CNY18.00
    本书分别讲述了大气臭氧层、低层大气中的臭氧、大气臭氧层的探测、大气臭氧层的耗损及其后果、大气中的臭氧洞、保护大气臭氧层等六章内容。
●
相关链接 在E读中查询图书 在五车中查询图书 在当当中查询图书 在豆瓣中查询图书


正题名:大气臭氧层和臭氧洞     索取号:P421.33-49/80         预约/预借

序号 登录号 条形码 馆藏地/架位号 状态 备注
1 0819813   208198136   第二样本阅览室/ [索取号:P421.33-49/80] 在馆    
2 0819814   208198145   第三借阅区/ [索取号:P421.33-49/80] 在馆    
3 0819815   208198154   第三借阅区/ [索取号:P421.33-49/80] 在馆    
4 0819816   208198163   第三借阅区/ [索取号:P421.33-49/80] 在馆    
5 0819817   208198172   第三借阅区/ [索取号:P421.33-49/80] 在馆    
唐山师范学院图书馆 欢迎您!
大连网信软件有限公司© 版权所有